MMA 2012 - Advanced production technologies : Proceedings. 11th international scientific conference. Novi Sad, Serbia, September 20-21, 2012

Gespeichert in:
Bibliographische Detailangaben
Weitere Verfasser: Cosic, I. (Herausgegeben von), Sovilj, B. (Rezension), Vilotic, D. (Rezension)
Format: Buch
Veröffentlicht: Novi Sad : Faculty of Technical Sciences, 2012
Tags: Tag hinzufügen
Keine Tags, Fügen Sie das erste Tag hinzu!

MARC

LEADER 00000nam a22000003a 4500
001 stu258898
005 20150617230213.8
008 121206s--------ss----------------------d
020 |a 978-86-7892-419-4 
040 |a STU  |b slo 
041 0
044 |a ss 
100 1 |a Cosic, I.  |4 edt 
245 1 |a MMA 2012 - Advanced production technologies :  |b Proceedings. 11th international scientific conference. Novi Sad, Serbia, September 20-21, 2012 
260 |a Novi Sad :  |b Faculty of Technical Sciences,  |c 2012 
300 |a 1 CD-ROM 
700 1 |a Sovilj, B.  |4 rev 
700 1 |a Vilotic, D.  |4 rev 
996 |b 284M084131  |c M*CD-2205  |l MMKN  |s A  |a 24  |w stu258898_0001